| 000 | 00444pab a2200157 454500 | ||
|---|---|---|---|
| 008 | 180718b2014 xxu||||| |||| 00| 0 eng d | ||
| 100 | _aMadhurendra Kumar | ||
| 245 | _aRevisiting political theory and political systems oriental and occidental | ||
| 260 | _c2014 | ||
| 300 | _ap.9-16. | ||
| 362 | _aJan-Mar | ||
| 650 | _aPolitical theory | ||
| 650 | _aPolitical systems | ||
| 773 | _aIndian Journal of Political Science | ||
| 909 | _a115891 | ||
| 999 |
_c115885 _d115885 |
||